00477nam a22001697a 450000500170000001000150001702000260003203500140005803700130007208200120008510000190009724500470011626000400016326000350020327000490023830000200028720170913143429.0 aENG-120272 a9789380567198c500.00 aEN-103804 bDBAD/PUB a657.207 aChaudhary,Renu aBook-keeping teaching /cby Renu Chaudhary aJaipurbShri Kavita Prakashanc2011 aJaipurbApollo Prakashanc2011 aShop N0-25 Pink City Market RajaparkbJaipur a373p.c21cm(Hb)